MATLAB (Record no. 593460)

000 -LEADER
fixed length control field 00424nam a22001577a 4500
020 ## - INTERNATIONAL STANDARD BOOK NUMBER
International Standard Book Number 9789332542099
040 ## - CATALOGING SOURCE
Transcribing agency NUST
082 ## - DEWEY DECIMAL CLASSIFICATION NUMBER
Classification number 620.00151 BAN
100 ## - MAIN ENTRY--PERSONAL NAME
Personal name Bansal, Raj Kumar
9 (RLIN) 82836
110 ## - MAIN ENTRY--CORPORATE NAME
Corporate name or jurisdiction name as entry element Goel, Ashok Kumar. Sharma, Manoj Kumar
9 (RLIN) 112184
245 ## - TITLE STATEMENT
Title MATLAB
Remainder of title and Its Applications in Engineering
250 ## - EDITION STATEMENT
Edition statement 2nd edition
260 ## - PUBLICATION, DISTRIBUTION, ETC.
Place of publication, distribution, etc. India
Name of publisher, distributor, etc. Pearson
Date of publication, distribution, etc. 2016
650 ## - SUBJECT ADDED ENTRY--TOPICAL TERM
Topical term or geographic name entry element MATLAB
9 (RLIN) 94870
942 ## - ADDED ENTRY ELEMENTS (KOHA)
Source of classification or shelving scheme
Koha item type Book
Holdings
Withdrawn status Lost status Source of classification or shelving scheme Damaged status Not for loan Permanent Location Current Location Shelving location Date acquired Full call number Barcode Date last seen Price effective from Koha item type Public note
          College of Electrical & Mechanical Engineering (CEME) College of Electrical & Mechanical Engineering (CEME) General Stacks 02/28/2023 620.00151 BAN CEME-47007 02/28/2023 02/28/2023 Book 4.0
© 2023 Central Library, National University of Sciences and Technology. All Rights Reserved.